000 00284nam a22001337a 4500
008 170214b xxu||||| |||| 00| 0 eng d
020 _a0721616453
041 _aeng
080 _26ED
_a61
100 _a4
101 _aSHM
245 _aMEDICAL DICTIONARY
_cFRIEL.P
942 _2udc
_cBK
999 _c5426
_d5426